<?xml version="1.0" encoding="UTF-8"?>
<record
    xmlns:xsi="http://www.w3.org/2001/XMLSchema-instance"
    xsi:schemaLocation="http://www.loc.gov/MARC21/slim http://www.loc.gov/standards/marcxml/schema/MARC21slim.xsd"
    xmlns="http://www.loc.gov/MARC21/slim">

  <leader>00587nam a22001937a 4500</leader>
  <controlfield tag="003">OSt</controlfield>
  <controlfield tag="005">20260415135643.0</controlfield>
  <controlfield tag="008">260415s2025\\\\xx\\\\\\\\\\\\000\0\und\d</controlfield>
  <datafield tag="040" ind1=" " ind2=" ">
    <subfield code="c"> </subfield>
  </datafield>
  <datafield tag="041" ind1=" " ind2=" ">
    <subfield code="a">MAR</subfield>
  </datafield>
  <datafield tag="100" ind1=" " ind2=" ">
    <subfield code="a">&#x936;&#x94D;&#x930;&#x940; &#x92A;&#x930;&#x92E;&#x939;&#x902;&#x938; &#x938;&#x94D;&#x935;&#x93E;&#x92E;&#x940; &#x92E;&#x939;&#x93E;&#x930;&#x93E;&#x91C;</subfield>
  </datafield>
  <datafield tag="245" ind1=" " ind2=" ">
    <subfield code="a">&#x92F;&#x925;&#x93E;&#x930;&#x94D;&#x924; &#x917;&#x940;&#x924;&#x93E; </subfield>
  </datafield>
  <datafield tag="250" ind1=" " ind2=" ">
    <subfield code="a">&#x968;&#x966;&#x968;&#x96B;</subfield>
  </datafield>
  <datafield tag="260" ind1=" " ind2=" ">
    <subfield code="a">&#x92E;&#x941;&#x902;&#x92C;&#x908;</subfield>
    <subfield code="b">&#x91C;&#x94D;&#x92F;&#x915; &#x92A;&#x94D;&#x930;&#x93F;&#x902;&#x91F;&#x930;&#x94D;&#x938; &#x92A;&#x94D;&#x930;&#x93E;. &#x932;&#x93F;.</subfield>
    <subfield code="c">&#x968;&#x966;&#x968;&#x96B;</subfield>
  </datafield>
  <datafield tag="300" ind1=" " ind2=" ">
    <subfield code="a">&#x967;-&#x96A;&#x969;&#x966;</subfield>
  </datafield>
  <datafield tag="500" ind1=" " ind2=" ">
    <subfield code="a">BVYCLCK
</subfield>
  </datafield>
  <datafield tag="650" ind1=" " ind2=" ">
    <subfield code="a">Other,&#x917;&#x940;&#x924;&#x93E;</subfield>
  </datafield>
  <datafield tag="942" ind1=" " ind2=" ">
    <subfield code="2">ddc</subfield>
    <subfield code="c">BK</subfield>
    <subfield code="n">0</subfield>
  </datafield>
  <datafield tag="999" ind1=" " ind2=" ">
    <subfield code="c">1220293</subfield>
    <subfield code="d">1220293</subfield>
  </datafield>
  <datafield tag="952" ind1=" " ind2=" ">
    <subfield code="0">0</subfield>
    <subfield code="1">0</subfield>
    <subfield code="2">ddc</subfield>
    <subfield code="4">0</subfield>
    <subfield code="7">0</subfield>
    <subfield code="a">YLK</subfield>
    <subfield code="b">YLK</subfield>
    <subfield code="c">Donated</subfield>
    <subfield code="d">2026-04-15</subfield>
    <subfield code="e">&#x936;&#x902;&#x92D;&#x942;&#x930;&#x93E;&#x91C;&#x947; &#x92D;&#x94B;&#x938;&#x932;&#x947;</subfield>
    <subfield code="l">0</subfield>
    <subfield code="p">YLK-D-482</subfield>
    <subfield code="r">2026-04-15 00:00:00</subfield>
    <subfield code="w">2026-04-15</subfield>
    <subfield code="y">BK</subfield>
  </datafield>
</record>
